000 00735nam a22002297a 4500
001 103568
003 UA-OsUOA
005 20230206120639.0
007 ta
008 20131104b un ||||| |||| 00| 0 ukr d
040 _aUA-OsUOA
_bukr
_cUA-OsUOA
_dUA-OsUOA
041 _aukr
080 _a821.161.2
090 _a821.161.2
_bА72
245 _aАнтологія української поезії в Канаді (1898–1973)
_cупор. Я. Славутич
260 _aЕдмонтон
_bСлово
_c1975
300 _a160 с.
650 7 _a82 Література. Літературознавство
_2UDC
942 _cBK
_2udc
955 _a2
999 _c390399
_d390399